| 000 | 00523nam a2200205 a 4500 | ||
|---|---|---|---|
| 005 | 20220530092648.0 | ||
| 008 | 991125 mad 000 0 spa u | ||
| 020 | _a8420509426 | ||
| 035 | _aUPN01000025936 | ||
| 049 | _aCG | ||
| 050 | 4 | _aQH431 L3.3 | |
| 100 | 1 | _aLacadena, Juan Ramón | |
| 245 | 1 | 0 |
_aGenética y condición humana / _cJuan Ramón Lacadena |
| 260 |
_aMadrid : _bAlhambra |
||
| 300 | _a178 p | ||
| 440 | 0 |
_aExedra; _v143 |
|
| 650 | 2 |
_aGenética humana _94554 |
|
| 904 |
_aAC _b025937 |
||
| 905 | _aLibro | ||
| 999 |
_c25936 _d25936 |
||